| 000 | 00663cam a2200205 4500 | ||
|---|---|---|---|
| 001 | WB3706-32 | ||
| 008 | 000000n2001 000 0 eng u | ||
| 035 | _a(Sirsi) u110844 | ||
| 245 | _aScotland to allow fox hunting | ||
| 260 | _c2001 | ||
| 490 |
_aTimes _v8 February 2001, 1(1) |
||
| 520 | _aScotland is likely to set up a licensing authority to regulate hunts rather than opt for an outright ban on fox hunting. Hunters will have to be licensed and agree to treat foxes with minimal cruelty. | ||
| 590 | _aWB | ||
| 650 | _aLICENSING | ||
| 650 | _aSCOTLAND | ||
| 650 | _aFOX HUNTING | ||
| 650 | _aREGULATION | ||
| 690 |
_aRural _96268 |
||
| 942 | _n0 | ||
| 999 |
_c66079 _d66079 |
||